Menos mercado, igual familia: bienestar y cuidados en el Ecuador de la revolución ciudadana /

Պահպանված է:
Մատենագիտական մանրամասներ
Հիմնական հեղինակ: Minteguiaga, Analía
Այլ հեղինակներ: Ubasart-González, Gemma
Ձևաչափ: Տեքստ
Ցուցիչներ: Ավելացրեք ցուցիչ
Չկան պիտակներ, Եղեք առաջինը, ով նշում է այս գրառումը!

MARC

LEADER 00000 a a2200000 04500
001 47687
003
040
100 |a Minteguiaga, Analía  
245 |a Menos mercado, igual familia:   |b bienestar y cuidados en el Ecuador de la revolución ciudadana /  |c Analía Minteguiaga, Gemma Ubasart-González  
700 |a Ubasart-González, Gemma  
773 |g volumen19, número50, (2014), páginas 77-96  
999 |c 29586  |d 29586